000 01531nam a2200397 a 4500
001 57258
003 CO-BoRNBP
005 20250610113040.0
007 ta
008 140924s2015 ck a gr 0001jdspa
020 _a9789588787558
040 _aCO-BoRNBP
_bspa
_erda
_cCO-BoRNBP
041 1 _aspa
_hfre
043 _ae-fr---
084 _aC LARP
100 1 _aLaroche, Agnès
_d1965-
_960133
245 1 0 _aPorque sí
_cAgnès Laroche ; ilustración de Stéphanie Augusseau ; traducción del francés María Teresa Rivas
250 _aEdición especial
264 1 _aBogotá, Colombia :
_bEdiciones Monserrate,
_c2015.
300 _a33 páginas :
_bilustraciones a color,
_c27 cm
336 _atexto
_btxt
_2rdacontent
337 _asin mediación
_bn
_2rdamedia
338 _avolumen
_bnc
_2rdacarrier
490 0 _aLeer es mi cuento
521 _aRecomendado a partir de 0-2 años
534 _tParce que
650 0 0 _aRelaciones familiares en la litertura
_2LEMB
_960134
650 0 0 _aLibros ilustrados para niños
_2LEMB
_92001
650 0 0 _aLiteratura infantil francesa.
_ySiglo XXI
_2LEMB
_960135
650 0 0 _aCuentos infantiles franceses
_ySiglo XXI
_2LEMB
_960136
650 0 0 _aFamilia en la litaratura
_2LEMB
_960137
700 1 _aAugusseau, Stéphanie
_eilustrador
_960138
700 1 _aRivas, María Teresa
_etraductor
_960139
830 0 _aColección para la Primera Infancia del Ministerio de Cultura, Plan Nacional de Lectura y Escritura Leer es mi cuento, Primera Infancia 2015
_960140
942 _2loc
_cBKINF
999 _c57258
_d57258